SSC Civil engineering 20 mock test paper for Junior engineer recurment examination : (Record no. 105809)

MARC details
000 -LEADER
fixed length control field 00642nam a22001817a 4500
010 ## - LCCN (DPL NO)
LC control number ENG-117045
020 ## - INTERNATIONAL STANDARD BOOK NUMBER
International Standard Book Number 9789352604647
Terms of availability 195.00
035 ## - SYSTEM CONTROL NUMBER
System control number EN-100577
037 ## - SOURCE OF ACQUISITION
Source of stock number/acquisition DBAD/PUB
082 ## - DEWEY DECIMAL CLASSIFICATION NUMBER
Classification number 000
100 ## - MAIN ENTRY--PERSONAL NAME
Personal name Mishra,P.K.
245 ## - TITLE STATEMENT
Title SSC Civil engineering 20 mock test paper for Junior engineer recurment examination :
Statement of responsibility, etc by P.K. Mishra
Remainder of title staff selaction commission /
260 ## - PUBLICATION, DISTRIBUTION, ETC. (IMPRINT)
Place of publication, distribution, etc New Delhi
Name of publisher, distributor, etc Mcgraw Hill Education
Date of publication, distribution, etc 2017
270 ## - ADDRESS
Address B-4,Sector-63,Distt,Gautam Nagar
City Noida
Postal code 201301
300 ## - PHYSICAL DESCRIPTION
Extent Various Pagings
Dimensions 23cm. (pbk)
490 ## - SERIES STATEMENT
Series statement Tomorow's Victory is Today's Pratice
942 ## - ADDED ENTRY ELEMENTS (KOHA)
Source of classification or shelving scheme Dewey Decimal Classification
Item type English Books
Classification part 000
Call number suffix MIS
Holdings
Withdrawn status Lost status Not for loan Collection code Home library Current library Date acquired Source of acquisition Cost, normal purchase price Full call number Barcode Copy number Cost, replacement price Koha item type
    Not For Loan Non-fiction D.B.Act.Division Bawana 10/01/2017 DBAD/PUB 195.00 000 MIS EN-100577 1 195.00 English Books

© Delhi Public Library
Hit Counter
free hit counter